Kierkegaard y Unamuno: la existencia religiosa

Uloženo v:
Podrobná bibliografie
Hlavní autor: Collado, Jesús-Antonio (Autor)
Médium: Kniha
Jazyk:španělština
Vydáno: Madrid Gredos 1962
Vydání:1a. ed
Edice:Biblioteca Hispánica de Filosofía, 34
Témata:
Tagy: Přidat tag
Žádné tagy, Buďte první, kdo vytvoří štítek k tomuto záznamu!

MARC

LEADER 00000cam a2200000 a 4500
001 UCD8011
003 CL-VaPUC
008 170422e19620000sp |||||||||||||||||spa|d
082 0 4 |a 142.7  |b COL  |2 21 
100 |a Collado, Jesús-Antonio  |e author  |9 591867 
245 1 0 |a Kierkegaard y Unamuno: la existencia religiosa 
250 |a 1a. ed 
300 |a 571 p 
942 |c BK 
945 |d 20170422 00:05:00  |a dcastane 
260 |a Madrid  |b Gredos  |c 1962 
600 0 7 |a UNAMUNO Y JUGO, MIGUEL DE  |2 CL-VaPUC  |9 591868 
650 0 |a Existencialismo  |9 265698 
650 0 |a Filosofía danesa  |9 266957 
650 0 |a Filosofía española   |9 254895 
650 0 |a Escuelas filosóficas   |9 266232 
650 7 |a FILOSOFIA SIGLO 19  |2 CL-VaPUC  |9 315034 
583 |a last modification  |c 20170422 00:05:00  |k Rodrigo Vera 
490 0 |a Biblioteca Hispánica de Filosofía, 34 
999 |c 367792  |d 367790